| 000 | 00436nam a2200133Ia 4500 | ||
|---|---|---|---|
| 008 | 160809s9999 xx 000 0 und d | ||
| 100 | _aTheodora, Maniou A. | ||
| 245 | _a‘Selfie Journalism’: Current Practices in Digital Media | ||
| 245 | _cManiou A. Theodora. | ||
| 260 | _bStudies in Media and Communication | ||
| 260 | _cJune 2016 | ||
| 650 | _xCOMMUNICATION | ||
| 856 | _uhttp://redfame.com/journal/index.php/smc/issue/view/58 | ||
| 999 |
_c299982 _d299982 |
||